[Event "36th Teams Ch-GR"]
[Site "Kallithea Halkidiki"]
[Date "2008.07.09"]
[Round "6.1"]
[White "Kalaitzoglou, Panayotis"]
[Black "Kotronias, Vasilios"]
[Result "0-1"]
[WhiteElo "2198"]
[BlackElo "2574"]
[PlyCount "66"]
[EventDate "2008.07.06"]
[WhiteTeam "SA CHANION"]
[BlackTeam "SO KAVALAS"]

1. e4 g6 2. d4 Bg7 3. Nc3 c6 4. f4 d5 5. e5 Nh6 6. Nf3 Bg4 7. h3 Bxf3 8. Qxf3
f6 9. Be3 O-O 10. exf6 exf6 11. O-O-O f5 12. g4 Nd7 13. g5 Nf7 14. h4 Re8 15.
h5 Nf8 16. hxg6 hxg6 17. Bd3 Nd6 18. Qf2 b5 19. Rh3 Qa5 20. Kb1 Rab8 21. Bc1
Nc4 22. Ne2 b4 23. Bxc4 dxc4 24. b3 Qd5 25. Be3 a5 26. Ng1 a4 27. bxc4 Qxc4 28.
Rd3 b3 29. axb3 axb3 30. Rxb3 Rxb3+ 31. cxb3 Qxb3+ 32. Kc1 Ra8 33. Qb2 Qc4+ 0-1

[Event "36th Teams Ch-GR"]
[Site "Kallithea Halkidiki"]
[Date "2008.07.09"]
[Round "6.1"]
[White "Papaioannou, Ioannis"]
[Black "Darmarakis, Mihail"]
[Result "1-0"]
[WhiteElo "2591"]
[BlackElo "2184"]
[PlyCount "77"]
[EventDate "2008.07.06"]
[WhiteTeam "SO KAVALAS"]
[BlackTeam "SA CHANION"]

1. d4 d5 2. Nf3 Nf6 3. c4 c6 4. e3 Bg4 5. h3 Bxf3 6. Qxf3 e6 7. Bd3 Nbd7 8. O-O
g6 9. b3 Bg7 10. Ba3 c5 11. Nc3 Qa5 12. Bb2 O-O 13. Rab1 cxd4 14. exd4 Rac8 15.
Ba1 Qb4 16. Rfd1 Rfd8 17. Bf1 Qd6 18. Bb2 a6 19. c5 Qc7 20. b4 e5 21. Nxd5 Nxd5
22. Qxd5 exd4 23. Qe4 Nf6 24. Qf3 Nh5 25. g3 Rd7 26. Bc1 Be5 27. Bg5 Kg7 28.
Rbc1 h6 29. Bd2 Qd8 30. Re1 Bb8 31. Bd3 Rc6 32. Re2 Nf6 33. Rce1 Rd5 34. h4 Qc8
35. Re8 Rd8 36. R8e7 Bc7 37. h5 gxh5 38. Bf5 Qb8 39. Be6 1-0

[Event "36th Teams Ch-GR"]
[Site "Kallithea Halkidiki"]
[Date "2008.07.09"]
[Round "6.1"]
[White "Fragakis, Efstratios"]
[Black "Halkias, Stelios"]
[Result "0-1"]
[WhiteElo "2105"]
[BlackElo "2579"]
[PlyCount "76"]
[EventDate "2008.07.06"]
[WhiteTeam "SA CHANION"]
[BlackTeam "SO KAVALAS"]

1. e4 e5 2. Nf3 Nc6 3. Bb5 a6 4. Bxc6 dxc6 5. O-O Ne7 6. Re1 Ng6 7. d4 Bg4 8.
dxe5 Qxd1 9. Rxd1 Nxe5 10. Nbd2 Rd8 11. Re1 Ng6 12. h3 Be6 13. Nb3 c5 14. Be3
b6 15. Ng5 Bc8 16. f4 f6 17. Nf3 Bd6 18. e5 fxe5 19. fxe5 Be7 20. Re2 O-O 21.
Rf1 Be6 22. Nbd2 h6 23. b3 Rf7 24. Bf2 Nf4 25. Ree1 Nd5 26. Bg3 Nb4 27. c3 Nxa2
28. Re3 c4 29. Nd4 Rxd4 30. Rxf7 Kxf7 31. cxd4 c3 32. Ne4 c2 33. Rf3+ Ke8 34.
Bf4 Bd5 35. Nc3 Bxf3 36. Nxa2 Bd5 37. Nc1 Ba3 38. Nd3 Bxb3 0-1

[Event "36th Teams Ch-GR"]
[Site "Kallithea Halkidiki"]
[Date "2008.07.09"]
[Round "6.1"]
[White "Papadopoulou, Vera"]
[Black "Botsari, Anna-Maria"]
[Result "1/2-1/2"]
[WhiteElo "2210"]
[BlackElo "2321"]
[PlyCount "20"]
[EventDate "2008.07.06"]
[WhiteTeam "SA CHANION"]
[BlackTeam "SO KAVALAS"]

1. d4 d5 2. Nf3 Nc6 3. Bf4 Bg4 4. e3 e6 5. c3 Bd6 6. Bxd6 cxd6 7. Be2 Nf6 8. h3
Bh5 9. O-O O-O 10. Nbd2 Rc8 1/2-1/2

[Event "36th Teams Ch-GR"]
[Site "Kallithea Halkidiki"]
[Date "2008.07.09"]
[Round "6.1"]
[White "Nemcova, Katerina"]
[Black "Hristodoulaki, Antonia"]
[Result "1-0"]
[WhiteElo "2372"]
[BlackElo "1790"]
[PlyCount "73"]
[EventDate "2008.07.06"]
[WhiteTeam "SO KAVALAS"]
[BlackTeam "SA CHANION"]

1. e4 c5 2. Nf3 Nc6 3. d4 cxd4 4. Nxd4 g6 5. c4 Bg7 6. Be3 Nf6 7. Nc3 O-O 8.
Be2 d6 9. O-O a6 10. Rc1 Bd7 11. Qd2 Rc8 12. Rfd1 Nxd4 13. Bxd4 Bc6 14. f3 Qd7
15. Qe3 b5 16. cxb5 axb5 17. b4 Qb7 18. Qd3 Rb8 19. Ra1 Nd7 20. Bxg7 Kxg7 21.
Qd4+ Kg8 22. a4 Qb6 23. Nxb5 Qxd4+ 24. Nxd4 Ba8 25. Bb5 Ne5 26. Rac1 Rfc8 27.
h3 g5 28. Kf2 Kf8 29. Ke3 d5 30. Ba6 Rxc1 31. Rxc1 dxe4 32. fxe4 Bb7 33. Bxb7
Rxb7 34. Rc8+ Kg7 35. b5 Nd7 36. a5 Kf6 37. a6 1-0

[Event "36th Teams Ch-GR"]
[Site "Kallithea Halkidiki"]
[Date "2008.07.09"]
[Round "6.2"]
[White "Souleidis, Georgios"]
[Black "Mastrovasilis, Athanasios"]
[Result "1/2-1/2"]
[WhiteElo "2431"]
[BlackElo "2518"]
[PlyCount "95"]
[EventDate "2008.07.06"]
[WhiteTeam "AO KYDON CHANION"]
[BlackTeam "ES THESSALONIKIS"]

1. e4 e5 2. Nf3 d6 3. d4 exd4 4. Nxd4 Nf6 5. Nc3 Be7 6. Bf4 O-O 7. Qd2 c6 8.
O-O-O b5 9. f3 b4 10. Nce2 c5 11. Nb3 Nc6 12. Bxd6 c4 13. Bxe7 Qxe7 14. Nbd4 c3
15. Qg5 Rd8 16. b3 Qd6 17. g3 h6 18. Qf4 Ne5 19. Bg2 Bb7 20. Nb5 Qc5 21. Nbd4
a5 22. Qe3 a4 23. Nf5 Rxd1+ 24. Kxd1 axb3 25. Qxc5 bxa2 26. Ke1 a1=Q+ 27. Kf2
Qa7 28. Qxa7 Rxa7 29. Rb1 Ra4 30. Nxc3 bxc3 31. Rxb7 Ra2 32. Nd4 Ra4 33. Ke3
Nc4+ 34. Kd3 Ne5+ 35. Ke3 Nc4+ 36. Kf2 Ne5 37. Ne2 Ra2 38. Rc7 Rxc2 39. Rxc3
Rb2 40. h3 g5 41. Ke3 Ng6 42. Bf1 Nh5 43. Rc5 f6 44. Rc8+ Kg7 45. Rc7+ Kh8 46.
Rc8+ Kh7 47. Rc7+ Kh8 48. Rc8+ 1/2-1/2

[Event "36th Teams Ch-GR"]
[Site "Kallithea Halkidiki"]
[Date "2008.07.09"]
[Round "6.2"]
[White "Zakarian, David"]
[Black "Zahariev, Zahari"]
[Result "1/2-1/2"]
[WhiteElo "2346"]
[BlackElo "2401"]
[PlyCount "56"]
[EventDate "2008.07.06"]
[WhiteTeam "ES THESSALONIKIS"]
[BlackTeam "AO KYDON CHANION"]

1. e4 c5 2. Nf3 e6 3. Nc3 a6 4. d4 cxd4 5. Nxd4 b5 6. g3 Bb7 7. Bg2 Nc6 8. O-O
Rc8 9. Re1 d6 10. a4 b4 11. Nxc6 Bxc6 12. Nd5 a5 13. Be3 Rb8 14. Qd3 Bd7 15.
Ba7 exd5 16. e5 Be6 17. Bxd5 Rc8 18. Rad1 Qd7 19. exd6 Nf6 20. Bc4 Qxa7 21. d7+
Nxd7 22. Bxe6 fxe6 23. Rxe6+ Kd8 24. Qe4 Bc5 25. Qh4+ Kc7 26. Qf4+ Kd8 27. Qg5+
Kc7 28. Qf4+ Kd8 1/2-1/2

[Event "36th Teams Ch-GR"]
[Site "Kallithea Halkidiki"]
[Date "2008.07.09"]
[Round "6.3"]
[White "Atalik, Suat"]
[Black "Papadopoulos, Ioannis K"]
[Result "1-0"]
[WhiteElo "2585"]
[BlackElo "2490"]
[PlyCount "77"]
[EventDate "2008.07.06"]
[WhiteTeam "SA THES/NIKIS O GALAXIAS"]
[BlackTeam "OS TRIANDRIAS"]

1. d4 Nf6 2. c4 e6 3. Nf3 b6 4. g3 Ba6 5. b3 b5 6. cxb5 Bxb5 7. Bg2 Bb4+ 8. Bd2
a5 9. O-O O-O 10. Ne5 d5 11. Nc3 Ba6 12. Na4 Nfd7 13. Nxd7 Nxd7 14. Re1 Bb5 15.
Nc3 Bc6 16. Rc1 Ra6 17. e4 Bxc3 18. Rxc3 dxe4 19. Qc2 Qa8 20. Bxe4 Bxe4 21.
Rxe4 a4 22. b4 Rc8 23. Rh4 Nf8 24. Rc5 Qb7 25. a3 Qf3 26. b5 Rb6 27. Ba5 Rb7
28. d5 Rd8 29. Rf4 Qb3 30. Bxc7 Qxc2 31. Rxc2 Rc8 32. d6 Rxb5 33. Rxa4 Nd7 34.
Rb4 Rd5 35. a4 g5 36. Ra2 f5 37. a5 Rd1+ 38. Kg2 g4 39. Rb5 1-0

[Event "36th Teams Ch-GR"]
[Site "Kallithea Halkidiki"]
[Date "2008.07.09"]
[Round "6.3"]
[White "Georgiev, Krum"]
[Black "Ilandzis, Spyridon"]
[Result "1-0"]
[WhiteElo "2446"]
[BlackElo "2196"]
[PlyCount "77"]
[EventDate "2008.07.06"]
[WhiteTeam "SA THES/NIKIS O GALAXIAS"]
[BlackTeam "OS TRIANDRIAS"]

1. e4 c5 2. Nf3 d6 3. c3 Nf6 4. Be2 g6 5. O-O Bg7 6. Bb5+ Bd7 7. Bxd7+ Nbxd7 8.
Re1 O-O 9. d4 e5 10. dxe5 Nxe5 11. Nxe5 dxe5 12. Qe2 h6 13. a4 Qd7 14. Qb5 Rfd8
15. Qxd7 Rxd7 16. f3 Rad8 17. Be3 Rd1 18. Kf2 Bf8 19. Na3 Rxe1 20. Kxe1 Nh5 21.
Nc4 Nf4 22. Bxf4 exf4 23. Rd1 Be7 24. Na5 b6 25. Rxd8+ Bxd8 26. Nc6 Bh4+ 27.
Ke2 Kf8 28. Kd3 Ke8 29. Kc4 Kd7 30. Kd5 Bf2 31. Nxa7 Bg1 32. h3 Be3 33. Nc6 Bc1
34. Ne5+ Ke7 35. Nc4 h5 36. Nxb6 Bxb2 37. a5 Kd8 38. a6 Kc7 39. a7 1-0

[Event "36th Teams Ch-GR"]
[Site "Kallithea Halkidiki"]
[Date "2008.07.09"]
[Round "6.3"]
[White "Tsivelekidis, Georgios"]
[Black "Vragoteris, Antonios"]
[Result "0-1"]
[WhiteElo "2132"]
[BlackElo "2290"]
[PlyCount "86"]
[EventDate "2008.07.06"]
[WhiteTeam "OS TRIANDRIAS"]
[BlackTeam "SA THES/NIKIS O GALAXIAS"]

1. c4 e5 2. Nc3 Nc6 3. g3 g6 4. Bg2 Bg7 5. d3 d6 6. e3 Nf6 7. Nge2 h5 8. h4 Bg4
9. Rb1 Qd7 10. Qa4 O-O 11. b4 a6 12. Qc2 Rab8 13. O-O Ne7 14. Nd5 Nexd5 15.
cxd5 Bh3 16. Nc3 Bxg2 17. Kxg2 c6 18. Qb3 Rfc8 19. Ba3 Ng4 20. Ne4 Bh6 21. Rbe1
Kg7 22. Re2 f5 23. Ng5 Nf6 24. e4 cxd5 25. exd5 Qb5 26. f4 Bxg5 27. hxg5 Ng4
28. fxe5 dxe5 29. Bb2 Re8 30. Rfe1 Qb6 31. a4 Qd6 32. Rc2 Rbc8 33. Kh3 Rxc2 34.
Qxc2 Qxd5 35. Qc7+ Kg8 36. Qc4 Qxc4 37. dxc4 Rd8 38. Re2 Kf7 39. b5 Ke6 40. Ba3
Rd3 41. Bb4 f4 42. Be1 f3 43. Rc2 Rd1 0-1

[Event "36th Teams Ch-GR"]
[Site "Kallithea Halkidiki"]
[Date "2008.07.09"]
[Round "6.3"]
[White "Tsorbatzoglou, Theodoros"]
[Black "Sevastopoulos, Vasilis"]
[Result "1-0"]
[WhiteElo "2252"]
[BlackElo "2037"]
[PlyCount "85"]
[EventDate "2008.07.06"]
[WhiteTeam "SA THES/NIKIS O GALAXIAS"]
[BlackTeam "OS TRIANDRIAS"]

1. d4 Nf6 2. Nf3 e6 3. Bg5 c5 4. e3 b6 5. c3 Bb7 6. Nbd2 Be7 7. Bd3 h6 8. Bh4
O-O 9. O-O Nc6 10. Qe2 Rc8 11. Rad1 Re8 12. Bb1 d6 13. dxc5 bxc5 14. Bxf6 Bxf6
15. Ne4 d5 16. Nxc5 Ba8 17. Ne4 Be7 18. c4 Qc7 19. cxd5 exd5 20. Nc3 d4 21.
exd4 Nb4 22. Rfe1 Nd5 23. Nxd5 Bxd5 24. Qd3 g6 25. Ne5 Qb6 26. b3 Rcd8 27. Qg3
Bb4 28. Re3 Kg7 29. h4 h5 30. Be4 Re7 31. Bxd5 Rxd5 32. Nc4 Qf6 33. Rxe7 Bxe7
34. Ne3 Ra5 35. a4 Bd6 36. Qh3 Qf4 37. g3 Qf3 38. Qg2 Qe2 39. Qe4 Kh7 40. Qd3
Qa2 41. Qd2 Qxb3 42. Qxa5 Bxg3 43. Qd5 1-0

[Event "36th Teams Ch-GR"]
[Site "Kallithea Halkidiki"]
[Date "2008.07.09"]
[Round "6.3"]
[White "Dimitriadi, Aspasia"]
[Black "Baloutsou, Vasiliki"]
[Result "1/2-1/2"]
[WhiteElo "1888"]
[BlackElo "1990"]
[PlyCount "35"]
[EventDate "2008.07.06"]
[WhiteTeam "OS TRIANDRIAS"]
[BlackTeam "SA THES/NIKIS O GALAXIAS"]

1. d4 d5 2. c4 e6 3. cxd5 exd5 4. Nc3 Nf6 5. Bg5 Be7 6. e3 c6 7. Qc2 Nbd7 8.
Bd3 h6 9. Bh4 b6 10. Nf3 Bb7 11. Bg3 Rc8 12. Qe2 O-O 13. h3 Bb4 14. O-O Bxc3
15. bxc3 Qe7 16. c4 dxc4 17. Bxc4 c5 18. Ba6 1/2-1/2

[Event "36th Teams Ch-GR"]
[Site "Kallithea Halkidiki"]
[Date "2008.07.09"]
[Round "6.3"]
[White "Hrisoglou, Sofia"]
[Black "Forestier, Carole"]
[Result "0-1"]
[WhiteElo "1564"]
[BlackElo "2067"]
[PlyCount "148"]
[EventDate "2008.07.06"]
[WhiteTeam "SA THES/NIKIS O GALAXIAS"]
[BlackTeam "OS TRIANDRIAS"]

1. e4 e6 2. d4 d5 3. Nc3 Nf6 4. e5 Nfd7 5. Be3 c5 6. f4 cxd4 7. Bxd4 Nc6 8. Bf2
a6 9. Nf3 b5 10. Ne2 Qc7 11. c3 b4 12. Rc1 Qa5 13. Qb3 Rb8 14. c4 Ne7 15. Ng3
Bb7 16. Bd3 Ng6 17. Ne2 Bc6 18. Bxg6 hxg6 19. O-O Nc5 20. Qc2 dxc4 21. Qxc4 Bd5
22. Qc2 Be4 23. Qd2 Bxf3 24. gxf3 Be7 25. Rfd1 O-O 26. Qc2 b3 27. axb3 Nxb3 28.
Qc7 Qxc7 29. Rxc7 Bb4 30. Rd3 Nd2 31. Kg2 Rbc8 32. Rb7 a5 33. Be1 Rfd8 34. Rdd7
Rxd7 35. Rxd7 Nc4 36. Bxb4 axb4 37. Rd4 Ne3+ 38. Kf2 Nd5 39. b3 Rc2 40. Ke1 Rb2
41. Nc1 Rxh2 42. Nd3 Rh1+ 43. Ke2 Rb1 44. Nxb4 Rb2+ 45. Ke1 Rxb3 46. Nxd5 exd5
47. Ke2 Rb5 48. Ke3 Kf8 49. Ra4 Rb3+ 50. Kd4 Rxf3 51. Kxd5 Rd3+ 52. Ke4 Rd1 53.
Ra8+ Ke7 54. Rg8 f5+ 55. exf6+ Kxf6 56. Rf8+ Ke6 57. Rh8 Re1+ 58. Kf3 Rf1+ 59.
Ke4 Kf6 60. Rh2 Re1+ 61. Kf3 Kf5 62. Rh4 Re4 63. Kg3 Rc4 64. Kf3 g5 65. Rh8
Rc3+ 66. Kf2 gxf4 67. Rf8+ Kg4 68. Rg8 g5 69. Rf8 Rc2+ 70. Kf1 Kf3 71. Kg1 g4
72. Rd8 Rc1+ 73. Kh2 g3+ 74. Kh3 Rh1# 0-1

[Event "36th Teams Ch-GR"]
[Site "Kallithea Halkidiki"]
[Date "2008.07.09"]
[Round "6.4"]
[White "Bojkov, Dejan"]
[Black "Managadze, Nikoloz"]
[Result "1/2-1/2"]
[WhiteElo "2498"]
[BlackElo "2444"]
[PlyCount "70"]
[EventDate "2008.07.06"]
[WhiteTeam "OFS KAVALAS"]
[BlackTeam "FO N. HERAKLIOU ATTIKIS"]

1. e4 c6 2. c4 e5 3. Nf3 d6 4. Nc3 c5 5. Be2 Nf6 6. d3 h6 7. a3 Nc6 8. Rb1 a5
9. O-O Be7 10. Nd5 O-O 11. Bd2 Bg4 12. Nxe5 Nxe5 13. Nxf6+ Bxf6 14. Bxg4 Nxd3
15. Bxa5 Qxa5 16. Qxd3 Ra6 17. Bd7 Bd4 18. Qc2 Qd8 19. Bb5 Ra8 20. Rbd1 Qf6 21.
Rd2 Rac8 22. Kh1 Rc7 23. Re2 g5 24. Rd1 Re7 25. Rd3 Qe5 26. Rdd2 Kg7 27. Qd3
Qf4 28. g3 Qg4 29. Kg2 Qe6 30. h3 h5 31. Qf3 Rh8 32. Qf5 Qxf5 33. exf5 Rxe2 34.
Rxe2 Kf6 35. b3 Be5 1/2-1/2

[Event "36th Teams Ch-GR"]
[Site "Kallithea Halkidiki"]
[Date "2008.07.09"]
[Round "6.4"]
[White "Tassopoulos, Marios"]
[Black "Dimitrov, Atanas"]
[Result "0-1"]
[WhiteElo "2271"]
[BlackElo "2302"]
[PlyCount "54"]
[EventDate "2008.07.06"]
[WhiteTeam "FO N. HERAKLIOU ATTIKIS"]
[BlackTeam "OFS KAVALAS"]

1. e4 c6 2. c4 e5 3. Nf3 d6 4. d4 Nd7 5. Nc3 Ngf6 6. Be2 Be7 7. O-O O-O 8. Qc2
a6 9. b3 b6 10. Bg5 Nh5 11. Bd2 g6 12. Rad1 Qc7 13. a4 Bb7 14. Bc1 Rfe8 15. Ne1
Ndf6 16. g3 Ng7 17. f4 exd4 18. Rxd4 d5 19. Rd1 dxe4 20. Ng2 Nf5 21. Kh1 Bc5
22. Bb2 h5 23. Na2 Be7 24. c5 b5 25. Be5 Qc8 26. Nc3 Bxc5 27. Bxf6 Nxg3+ 0-1

[Event "36th Teams Ch-GR"]
[Site "Kallithea Halkidiki"]
[Date "2008.07.09"]
[Round "6.4"]
[White "Kousidis, Vergis"]
[Black "Pappelis, Dimitrios"]
[Result "0-1"]
[WhiteElo "1870"]
[BlackElo "1889"]
[PlyCount "92"]
[EventDate "2008.07.06"]
[WhiteTeam "OFS KAVALAS"]
[BlackTeam "FO N. HERAKLIOU ATTIKIS"]

1. e4 c5 2. c3 d5 3. exd5 Qxd5 4. d4 Nf6 5. Nf3 Bg4 6. Be2 e6 7. O-O Nc6 8. Be3
cxd4 9. cxd4 Be7 10. Nc3 Qd8 11. h3 Bh5 12. Qb3 a6 13. Rac1 O-O 14. Qd1 Qd6 15.
Qd2 Rfd8 16. Rfd1 b5 17. g4 Bg6 18. Bf4 Qd7 19. Ne5 Nxe5 20. dxe5 Qxd2 21. Rxd2
Nd7 22. Bf3 Rac8 23. Bb7 Rc4 24. Rcd1 Rxf4 25. Rxd7 Rxd7 26. Rxd7 Bf8 27. Bxa6
b4 28. Ne2 Re4 29. f4 Re3 30. Kh2 Bb1 31. a3 bxa3 32. bxa3 Rxa3 33. Bc4 Ba2 34.
Bb5 Bd5 35. Rc7 Rf3 36. Rc3 Rf2+ 37. Kg1 Rg2+ 38. Kf1 Rh2 39. Kg1 Rh1+ 40. Kf2
g6 41. Kg3 Bb4 42. Rc8+ Kg7 43. f5 Be1+ 44. Kf4 Rf1+ 45. Ke3 Rf3+ 46. Kd4 Bf2#
0-1

[Event "36th Teams Ch-GR"]
[Site "Kallithea Halkidiki"]
[Date "2008.07.09"]
[Round "6.5"]
[White "Ivanisevic, Ivan"]
[Black "Gelashvili, Tamaz"]
[Result "1/2-1/2"]
[WhiteElo "2664"]
[BlackElo "2612"]
[PlyCount "87"]
[EventDate "2008.07.06"]
[WhiteTeam "SO POLICHNIS"]
[BlackTeam "ES KALAMARIAS"]

1. d4 Nf6 2. c4 e6 3. g3 d5 4. Nf3 Bb4+ 5. Bd2 Be7 6. Bg2 c6 7. O-O O-O 8. Bf4
Nbd7 9. Nc3 b6 10. Rc1 Bb7 11. cxd5 cxd5 12. Nb5 Ne8 13. Qd3 g5 14. Bd2 a6 15.
Na3 Nd6 16. Bb4 h6 17. h4 gxh4 18. Nxh4 Kg7 19. Bh3 f5 20. Ng2 Nf6 21. Nf4 Kf7
22. Qe3 Nfe4 23. Qf3 Nf6 24. Rc2 Nde4 25. Rfc1 Ng5 26. Qb3 Bxb4 27. Qxb4 Rc8
28. Rxc8 Bxc8 29. Rc6 b5 30. Qc5 Bd7 31. Rc7 Qe7 32. Qa7 Rc8 33. Bf1 Qd8 34.
Rxc8 Qxc8 35. Nd3 Nge4 36. e3 Ke7 37. Kg2 h5 38. Be2 h4 39. gxh4 Qg8+ 40. Kf1
Nd2+ 41. Ke1 Nde4 42. Kf1 Nd2+ 43. Ke1 Nde4 44. Kf1 1/2-1/2

[Event "36th Teams Ch-GR"]
[Site "Kallithea Halkidiki"]
[Date "2008.07.09"]
[Round "6.5"]
[White "Oreopoulos, Konstantinos"]
[Black "Likavsky, Tomas"]
[Result "1-0"]
[WhiteElo "2284"]
[BlackElo "2485"]
[PlyCount "53"]
[EventDate "2008.07.06"]
[WhiteTeam "ES KALAMARIAS"]
[BlackTeam "SO POLICHNIS"]

1. d4 e6 2. c4 b6 3. Nf3 Nf6 4. g3 Ba6 5. b3 b5 6. Qc2 bxc4 7. bxc4 c5 8. d5
Bd6 9. Bg2 exd5 10. cxd5 Nxd5 11. O-O Qe7 12. Rd1 Nb4 13. Qd2 Bc7 14. Nc3 O-O
15. Ng5 h6 16. Bxa8 hxg5 17. a3 N4c6 18. Nd5 Qd8 19. Bxc6 Nxc6 20. Nxc7 Qxc7
21. Bb2 Rb8 22. Rac1 Nd8 23. Bxg7 Ne6 24. Bf6 Rb3 25. Qc2 Rxa3 26. Qf5 Bxe2 27.
Qh3 1-0

[Event "36th Teams Ch-GR"]
[Site "Kallithea Halkidiki"]
[Date "2008.07.09"]
[Round "6.5"]
[White "Dalaklis, Georgios"]
[Black "Lazaridis, Har"]
[Result "1/2-1/2"]
[WhiteElo "2186"]
[BlackElo "2086"]
[PlyCount "81"]
[EventDate "2008.07.06"]
[WhiteTeam "ES KALAMARIAS"]
[BlackTeam "SO POLICHNIS"]

1. g3 d5 2. Bg2 e5 3. d3 c6 4. Nf3 Bd6 5. O-O Nf6 6. Nbd2 O-O 7. e4 Nbd7 8. Re1
Qc7 9. c3 Nc5 10. Qc2 dxe4 11. dxe4 b5 12. b4 Ne6 13. a4 a5 14. Bb2 Nd7 15.
axb5 cxb5 16. Qd3 Bb7 17. Qxb5 axb4 18. cxb4 Bc6 19. Qc4 Nb6 20. Qc2 f6 21. Qb3
Qf7 22. b5 Bd7 23. Ra6 Rfb8 24. Bf1 Nc7 25. Qxf7+ Kxf7 26. Rxb6 Rxb6 27. Nc4
Bc5 28. Nxb6 Bxb6 29. Rb1 Rb8 30. Bc4+ Be6 31. Be2 Bd7 32. Bc4+ Ke8 33. Ba3 Ne6
34. Bd6 Rc8 35. Bd3 Rc3 36. Ne1 Nd4 37. Kg2 Bg4 38. Bb4 Rc8 39. Bd2 Be6 40. Be3
Ra8 41. Nc2 1/2-1/2

[Event "36th Teams Ch-GR"]
[Site "Kallithea Halkidiki"]
[Date "2008.07.09"]
[Round "6.6"]
[White "Postny, Evgeny"]
[Black "Gavrilakis, Nikolaos"]
[Result "1-0"]
[WhiteElo "2661"]
[BlackElo "2429"]
[PlyCount "49"]
[EventDate "2008.07.06"]
[WhiteTeam "SO HERAKLIOU"]
[BlackTeam "SAS KOROPIOU"]

1. d4 d5 2. c4 dxc4 3. Nf3 Nf6 4. Qa4+ c6 5. Qxc4 Bf5 6. g3 e6 7. Bg2 Be7 8.
Nc3 Nbd7 9. Qb3 Qb6 10. Nd2 O-O 11. Nc4 Qa6 12. O-O b5 13. Ne3 Bg6 14. a3 Rab8
15. Qa2 c5 16. d5 e5 17. a4 b4 18. Nb5 c4 19. Nxc4 Bc5 20. Be3 e4 21. Rfd1 Rfc8
22. b3 Bxe3 23. Nxe3 Rc5 24. Qd2 Qb7 25. Rac1 1-0

[Event "36th Teams Ch-GR"]
[Site "Kallithea Halkidiki"]
[Date "2008.07.09"]
[Round "6.6"]
[White "Kapnisis, Spyridon"]
[Black "Lirindzakis, Timotheos"]
[Result "1-0"]
[WhiteElo "2405"]
[BlackElo "2360"]
[PlyCount "91"]
[EventDate "2008.07.06"]
[WhiteTeam "SAS KOROPIOU"]
[BlackTeam "SO HERAKLIOU"]

1. e4 c6 2. d4 d5 3. f3 e6 4. Nc3 Bb4 5. a3 Ba5 6. Bf4 Ne7 7. Qd2 O-O 8. h4 c5
9. Nge2 Nbc6 10. O-O-O cxd4 11. Nxd4 Nxd4 12. Qxd4 Nc6 13. Qc5 d4 14. Bb5 Bb6
15. Qh5 Bd7 16. Ne2 f6 17. Bc4 Kh8 18. e5 f5 19. Qg5 Qc7 20. h5 Rac8 21. Kb1
Bc5 22. Qg3 a6 23. Nc1 Be7 24. Bb3 b5 25. Nd3 a5 26. h6 g6 27. Bg5 Qd8 28. Bxe7
Qxe7 29. Qh4 g5 30. Qe1 Rb8 31. c3 Rfc8 32. Rc1 dxc3 33. Rxc3 b4 34. axb4 Nxb4
35. Nxb4 axb4 36. Rxc8+ Rxc8 37. Qd2 Kg8 38. Rd1 Rc7 39. Qd4 Kf7 40. Qb6 Bc8
41. Rd6 Rb7 42. Qc5 Bd7 43. g4 fxg4 44. fxg4 Kg6 45. Qc1 Kxh6 46. Qh1+ 1-0

[Event "36th Teams Ch-GR"]
[Site "Kallithea Halkidiki"]
[Date "2008.07.09"]
[Round "6.6"]
[White "Stavrianakis, Ioannis"]
[Black "Khetsuriani, Besarion"]
[Result "1-0"]
[WhiteElo "2176"]
[BlackElo "2350"]
[PlyCount "71"]
[EventDate "2008.07.06"]
[WhiteTeam "SO HERAKLIOU"]
[BlackTeam "SAS KOROPIOU"]

1. d4 d6 2. c4 g6 3. Nc3 Bg7 4. Nf3 Bg4 5. h3 Bxf3 6. exf3 c6 7. Be3 Nf6 8. Be2
O-O 9. O-O d5 10. cxd5 Nxd5 11. Qb3 Nxe3 12. fxe3 Qb6 13. Na4 Qc7 14. Rac1 e6
15. Nc5 b6 16. Ne4 a6 17. Rc2 Ra7 18. f4 Rc8 19. Rfc1 Qd8 20. Bf3 h6 21. Nf2 b5
22. Bxc6 Rac7 23. Bf3 Nd7 24. Bb7 Rxc2 25. Rxc2 Rxc2 26. Qxc2 Qa5 27. Qc8+ Nf8
28. Qc3 Qxa2 29. Ne4 Nh7 30. Kh2 Bf8 31. Nc5 a5 32. Bc6 b4 33. Qb3 Qb1 34. Nxe6
fxe6 35. Qxe6+ Kh8 36. Bd5 1-0

[Event "36th Teams Ch-GR"]
[Site "Kallithea Halkidiki"]
[Date "2008.07.09"]
[Round "6.6"]
[White "Delithanasis, Dimitrios"]
[Black "Pandelias, Emmanouil"]
[Result "1/2-1/2"]
[WhiteElo "2228"]
[BlackElo "2053"]
[PlyCount "38"]
[EventDate "2008.07.06"]
[WhiteTeam "SAS KOROPIOU"]
[BlackTeam "SO HERAKLIOU"]

1. Nf3 Nf6 2. c4 g6 3. Nc3 Bg7 4. e4 d6 5. d4 O-O 6. Be2 e5 7. O-O exd4 8. Nxd4
Re8 9. f3 c6 10. Nc2 Be6 11. Ne3 Na6 12. f4 Nc5 13. Bf3 Qb6 14. Kh1 Rad8 15.
Qc2 Qa6 16. Ne2 Bc8 17. Nc3 Ne6 18. Ne2 Nc5 19. Nc3 Ne6 1/2-1/2

[Event "36th Teams Ch-GR"]
[Site "Kallithea Halkidiki"]
[Date "2008.07.09"]
[Round "6.7"]
[White "Movsesian, Sergei"]
[Black "Willemze, Thomas"]
[Result "1-0"]
[WhiteElo "2723"]
[BlackElo "2398"]
[PlyCount "37"]
[EventDate "2008.07.06"]
[WhiteTeam "EES KORYDALLOU"]
[BlackTeam "SO KALLITHEAS"]

1. e4 c6 2. d4 d5 3. e5 Bf5 4. Nf3 e6 5. Be2 Bb4+ 6. Nbd2 Nd7 7. O-O Ba5 8. Nb3
Bc7 9. Bg5 f6 10. Bh4 Ne7 11. exf6 gxf6 12. Re1 O-O 13. Bd3 Bxd3 14. cxd3 e5
15. dxe5 Nxe5 16. Nxe5 Bxe5 17. Qg4+ Kh8 18. Rxe5 fxe5 19. Qe6 1-0

[Event "36th Teams Ch-GR"]
[Site "Kallithea Halkidiki"]
[Date "2008.07.09"]
[Round "6.7"]
[White "Gesos, Pavlos"]
[Black "Tsiamis, Konstantinos"]
[Result "1/2-1/2"]
[WhiteElo "2321"]
[BlackElo "2303"]
[PlyCount "87"]
[EventDate "2008.07.06"]
[WhiteTeam "SO KALLITHEAS"]
[BlackTeam "EES KORYDALLOU"]

1. c4 e6 2. g3 d5 3. Bg2 Nf6 4. Nf3 Be7 5. O-O O-O 6. d4 c6 7. Nc3 b6 8. Ne5
Bb7 9. e4 dxe4 10. Nxe4 Nxe4 11. Bxe4 Qc8 12. Qc2 f5 13. Bg2 Bf6 14. Re1 c5 15.
Bxb7 Qxb7 16. Be3 Bxe5 17. dxe5 Nc6 18. Qc3 Rfd8 19. Rad1 Qc7 20. f4 Rxd1 21.
Rxd1 Rd8 22. Rxd8+ Qxd8 23. Qd2 Qxd2 24. Bxd2 Kf7 25. Bc3 h6 26. Kf2 g5 27. Kf3
gxf4 28. Kxf4 Kg6 29. a3 a5 30. b3 Kh5 31. Kf3 Kg5 32. Bd2+ Kg6 33. Bc3 Kh5 34.
Kf4 Ne7 35. Kf3 Ng6 36. Bb2 Kg5 37. Bc1+ Kh5 38. Bb2 Ne7 39. Kf4 Kg6 40. Bc3
Kh5 41. Kf3 Ng6 42. Bb2 Nh8 43. Bc3 Nf7 44. Kf4 1/2-1/2

[Event "36th Teams Ch-GR"]
[Site "Kallithea Halkidiki"]
[Date "2008.07.09"]
[Round "6.7"]
[White "Katsiris, Ioannis"]
[Black "Hrisanthopoulos, Dimitrios"]
[Result "1/2-1/2"]
[WhiteElo "2136"]
[BlackElo "2175"]
[PlyCount "86"]
[EventDate "2008.07.06"]
[WhiteTeam "EES KORYDALLOU"]
[BlackTeam "SO KALLITHEAS"]

1. e4 c5 2. c3 d5 3. exd5 Qxd5 4. d4 e6 5. Nf3 Nf6 6. Be3 cxd4 7. cxd4 a6 8.
Nc3 Qd6 9. Bd3 Nc6 10. a3 b5 11. O-O Be7 12. Rc1 Bb7 13. Qe2 O-O 14. b4 Rac8
15. Rfd1 Rfd8 16. Bb1 Nb8 17. Ne5 Nbd7 18. Bf4 Qb6 19. Ba2 Nf8 20. Be3 Nd5 21.
Nxd5 Bxd5 22. Bxd5 exd5 23. h4 Qe6 24. h5 Bf6 25. Nd3 Rc4 26. Nc5 Qc6 27. Rxc4
dxc4 28. d5 Rxd5 29. Rxd5 Qxd5 30. Nxa6 Ne6 31. Nc5 h6 32. a4 Nxc5 33. Bxc5
bxa4 34. Qe8+ Kh7 35. Qxa4 c3 36. Qc2+ Kg8 37. Be3 Qxh5 38. Qd3 Qg4 39. b5 Qb4
40. b6 Qb2 41. Qc4 c2 42. Qc8+ Kh7 43. b7 Be5 1/2-1/2